The mirror of wonders and other tales / (Record no. 79443)

MARC details
000 -LEADER
fixed length control field 00700nam a22002177a 4500
005 - DATE AND TIME OF LATEST TRANSACTION
control field 20171221122645.0
010 ## - LCCN (DPL NO)
LC control number B-519492-496 ENG-121946
020 ## - INTERNATIONAL STANDARD BOOK NUMBER
International Standard Book Number 9380403097
Terms of availability 250.00
020 ## - INTERNATIONAL STANDARD BOOK NUMBER
International Standard Book Number 9789380403090
Terms of availability 250.00
035 ## - SYSTEM CONTROL NUMBER
System control number B-519492-496 EN-105478
037 ## - SOURCE OF ACQUISITION
Stock number BSB/Ven.
Source of stock number/acquisition dpl
037 ## - SOURCE OF ACQUISITION
Source of stock number/acquisition DBAD/PUB
082 ## - DEWEY DECIMAL CLASSIFICATION NUMBER
Classification number S
100 ## - MAIN ENTRY--PERSONAL NAME
Personal name Syed, Rafiq Hussain
245 ## - TITLE STATEMENT
Title The mirror of wonders and other tales /
Statement of responsibility, etc by Syed Rafiq Hussain
260 ## - PUBLICATION, DISTRIBUTION, ETC. (IMPRINT)
Place of publication, distribution, etc New Delhi
Name of publisher, distributor, etc Yoda Press
Date of publication, distribution, etc 2013
270 ## - ADDRESS
Address 268 A/C, Vasant Kunj
City New Delhi
Postal code 110070
300 ## - PHYSICAL DESCRIPTION
Extent xxvii,165p.
Dimensions 20cm(pbk)
942 ## - ADDED ENTRY ELEMENTS (KOHA)
Source of classification or shelving scheme Dewey Decimal Classification
Item type English Books
Call number suffix SYE
Classification part S
Holdings
Withdrawn status Lost status Not for loan Collection code Home library Current library Date acquired Source of acquisition Cost, normal purchase price Full call number Barcode Copy number Cost, replacement price Koha item type
      Fiction Bawana Bawana 02/01/2014 BSB/893/14.03.2013/169/08.03.2013/28.03.2013 250.00 S SYE B-519495 1 250.00 English Books
    Not For Loan Fiction D.B.Act.Division Bawana 21/12/2017 DBAD/PUB 250.00 S SYE EN-105478 1 250.00 English Books
      Fiction Central Library Central Library 02/01/2014 BSB/893/14.03.2013/169/08.03.2013/28.03.2013 250.00 S SYE B-519492 1 250.00 English Books
      Fiction Janak Puri Janak Puri 02/01/2014 BSB/893/14.03.2013/169/08.03.2013/28.03.2013 250.00 S SYE B-519494 1 250.00 English Books
      Fiction Patel Nagar Patel Nagar 02/01/2014 BSB/893/14.03.2013/169/08.03.2013/28.03.2013 250.00 S SYE B-519493 1 250.00 English Books
      Fiction Shahdara Branch Shahdara Branch 02/01/2014 BSB/893/14.03.2013/169/08.03.2013/28.03.2013 250.00 S SYE B-519496 1 250.00 English Books

© Delhi Public Library
Hit Counter
free hit counter